Text, Speech and Dialogue 6th International Conference, TSD 2003, Ceské Budejovice, Czech Republic, September 8-12, 2003, Proceedings /

Bibliographic Details
Corporate Author: SpringerLink (Online service)
Other Authors: Matousek, Vaclav (Editor, http://id.loc.gov/vocabulary/relators/edt), Mautner, Pavel (Editor, http://id.loc.gov/vocabulary/relators/edt)
Format: Electronic eBook
Language:English
Published: Berlin, Heidelberg : Springer Berlin Heidelberg : Imprint: Springer, 2003.
Edition:1st ed. 2003.
Series:Lecture Notes in Artificial Intelligence ; 2807
Subjects:
Online Access:Full Text via HEAL-Link
LEADER 06822nam a2200589 4500
001 978-3-540-39398-6
003 DE-He213
005 20191024102645.0
007 cr nn 008mamaa
008 121227s2003 gw | s |||| 0|eng d
020 |a 9783540393986  |9 978-3-540-39398-6 
024 7 |a 10.1007/b13236  |2 doi 
040 |d GrThAP 
050 4 |a QA76.9.N38 
050 4 |a QA76.9.N38 
072 7 |a UYQL  |2 bicssc 
072 7 |a COM073000  |2 bisacsh 
072 7 |a UYQL  |2 thema 
072 7 |a UYQL  |2 thema 
082 0 4 |a 006.35  |2 23 
082 0 4 |a 006.35  |2 23 
245 1 0 |a Text, Speech and Dialogue  |h [electronic resource] :  |b 6th International Conference, TSD 2003, Ceské Budejovice, Czech Republic, September 8-12, 2003, Proceedings /  |c edited by Vaclav Matousek, Pavel Mautner. 
250 |a 1st ed. 2003. 
264 1 |a Berlin, Heidelberg :  |b Springer Berlin Heidelberg :  |b Imprint: Springer,  |c 2003. 
300 |a XIII, 426 p.  |b online resource. 
336 |a text  |b txt  |2 rdacontent 
337 |a computer  |b c  |2 rdamedia 
338 |a online resource  |b cr  |2 rdacarrier 
347 |a text file  |b PDF  |2 rda 
490 1 |a Lecture Notes in Artificial Intelligence ;  |v 2807 
505 0 |a Invited Talks -- Combating the Sparse Data Problem of Language Modelling -- Toward Robust Speech Recognition and Understanding -- Text -- A Pilot Study of English Selectional Preferences and Their Cross-Lingual Compatibility with Basque -- Auto-tagging of Text Documents into XML -- Stable Coordinated Pairs in Text Processing -- Backoff DOP: Parameter Estimation by Backoff -- Document Clustering into an Unknown Number of Clusters Using a Genetic Algorithm -- Experiments in German Treebank Parsing -- A Theoretical Basis of an Architecture of a Shell of a Reasonably Robust Syntactic Analyser -- Si3Trenn and Si3Silb: Using the SiSiSi Word Analysis System for Pre-hyphenation and Syllable Counting in German Documents -- Detecting Annotation Errors in a Corpus by Induction of Syntactic Patterns -- The Computational Complexity of Rule-Based Part-of-Speech Tagging -- Text Corpus with Errors -- Identification of Multiwords as Preprocessing for Automatic Extraction of Lexical Similarities -- Build a Large-Scale Syntactically Annotated Chinese Corpus -- Computational Benefits of a Totally Lexicalist Grammar -- Using a Czech Valency Lexicon for Annotation Support -- On Concept Based Approach for Determining Semantic Index Terms -- Corpora Issues in Validation of Serbian Wordnet -- Optimising Attribute Selection in Conversational Search -- Russian Corpus of the 19th Century -- Speech -- On Homogeneous Segments -- Advances in Automatic Speech Recognition by Imitating Spreading Activation -- The Incorporation of Confidence Measures to Language Understanding -- Speech Recognition with ? -Law Companded Features on Reverberated Signals -- Understanding Speech Based on a Bayesian Concept Extraction Method -- A Data-Driven Framework for Intonational Phrase Break Prediction -- Phoneme Recognition Using Temporal Patterns -- Multi-array Multi-speaker Tracking -- Towards Automatic Transcription of Spontaneous Czech Speech in the MALACH Project -- TERSEO: Temporal Expression Resolution System Applied to Event Ordering -- Non-native Pronunciation Variants of City Names as a Problem for Speech Technology Applications -- Improving Speech Recognition by Utilizing Domain Knowledge and Confidence Measures -- Comparison of Acoustic Adaptation Methods in Multilingual Speech Recognition Environment -- A Comparison of Unit Selection Techniques in Limited Domain Speech Synthesis -- Recognition of Speech with Non-random Attributes -- Text-Independent Speaker Verification: The WCL-1 System -- Local Time-Frequency Operators in TRAPs for Speech Recognition -- Entropy and Dynamism Criteria for Speech and Audio Classification Applications -- Speech Production: Phonetic Encoding of Real and Non-words -- Experiments with Automatic Segmentation for Czech Speech Synthesis -- All-Pole Modeling for Definition of Speech Features in Aurora3 DSR Task -- Building of a Vocabulary for the Automatic Voice-Dictation System -- Real-Time Vocal Tract Length Normalization in a Phonological Awareness Teaching System -- Hard-Testing the Multi-stream Approach to Automatic Speech Recognition -- Pitch-Synchronous Speech Signal Segmentation and Its Applications -- Building LVCSR System for Transcription of Spontaneously Pronounced Russian Testimonies in the MALACH Project: Initial Steps and First Results -- The Phase Substitutions in Czech Harmonic Concatenative Speech Synthesis -- Dialogue -- Combining Task Descriptions and Ontological Knowledge for Adaptive Dialogue -- Large Text and Audio Data Alignment for Multimedia Applications -- Building Multilingual Speech Corpora from Interpreted Spontaneous Dialogues on the Net -- Multi-modal Voice Application Design in a Multi-client Environment -- User Modeling and Plan Recognition under Conditions of Uncertainty -- Bilingual Speech Recognition for a Weather Information Retrieval Dialogue System -- On the Use of Prosodic Labelling in Corpus-Based Linguistic Studies of Spontaneous Speech -- A Multi-modal Eliza Using Natural Language Processing and Emotion Recognition -- The Wizard of Oz System for Weather Information Retrieval -- Directives in Estonian Information Dialogues -- SpeechDat-Like Estonian Database -- Dialogue Experiment for Elderly People in Home Health Care System. 
650 0 |a Natural language processing (Computer science). 
650 0 |a Artificial intelligence. 
650 0 |a Information storage and retrieval. 
650 0 |a Application software. 
650 1 4 |a Natural Language Processing (NLP).  |0 http://scigraph.springernature.com/things/product-market-codes/I21040 
650 2 4 |a Artificial Intelligence.  |0 http://scigraph.springernature.com/things/product-market-codes/I21000 
650 2 4 |a Information Storage and Retrieval.  |0 http://scigraph.springernature.com/things/product-market-codes/I18032 
650 2 4 |a Information Systems Applications (incl. Internet).  |0 http://scigraph.springernature.com/things/product-market-codes/I18040 
650 2 4 |a Natural Language Processing (NLP).  |0 http://scigraph.springernature.com/things/product-market-codes/I21040 
700 1 |a Matousek, Vaclav.  |e editor.  |4 edt  |4 http://id.loc.gov/vocabulary/relators/edt 
700 1 |a Mautner, Pavel.  |e editor.  |4 edt  |4 http://id.loc.gov/vocabulary/relators/edt 
710 2 |a SpringerLink (Online service) 
773 0 |t Springer eBooks 
776 0 8 |i Printed edition:  |z 9783662190715 
776 0 8 |i Printed edition:  |z 9783540200246 
830 0 |a Lecture Notes in Artificial Intelligence ;  |v 2807 
856 4 0 |u https://doi.org/10.1007/b13236  |z Full Text via HEAL-Link 
912 |a ZDB-2-SCS 
912 |a ZDB-2-LNC 
912 |a ZDB-2-BAE 
950 |a Computer Science (Springer-11645)